000 00800cab a2200265 4500
001 ABS49603
008 090401t1993 xxu||||| |||| 00| 0 eng d
035 _a(Sirsi) u71914
041 _aeng
100 _aFidler, P.
245 _aEstablished extensions
260 _c1993
350 _a0
490 _aNew Builder
_v(194) 5 November 1993, 21(1)
520 _aDetails the complexities of determining extension of time provisions and refers to "Glenlion Construction v The Guinness Trust".
650 _aBUILT ENVIRONMENT-BUILDING CONTRACT FORMS
650 _aCLAIMS
650 _aCONTRACT CLAIMS
650 _aCONTRACTORS PROGRAMMES
650 _aEXTENSIONS OF TIME
650 _aFLOAT
690 _aBUILT ENVIRONMENT-BUILDING CONTRACT FORMS
942 _n0
948 _c04/03/1997
999 _c45359
_d45359